Statistics for Australian Music From 1975-1995

Click here to take the quiz!

General Stats

  • This quiz has been taken 43 times
  • The average score is 32 of 123

Answer Stats

YearSongAnswer% Correct
1980You Shook Me All Night LongAC/DC
86%
1981Who Can it Be Now?Men At Work
86%
1982Don't ChangeINXS
77%
1986You're the VoiceJohn Farnham
77%
1981PhysicalOlivia Newton-John
74%
1979Choir GirlCold Chisel
71%
1981Jessie's GirlRick Springfield
66%
1990Better the Devil You KnowKylie Minogue
63%
1982Solid RockGoanna
60%
1977More Than a WomanBee Gees
57%
1980All Out of LoveAir Supply
54%
1977Love is in the AirJohn Paul Young
54%
1986Before Too LongPaul Kelly and the Coloured Girls
54%
1988Under the Milky WayThe Church
54%
1982Hey Little GirlIcehouse
51%
1980IndisposedAustralian Crawl
49%
1987Something So StrongCrowded House
49%
1990Lay Down Your GunsJimmy Barnes
49%
1979The Nips Are Getting BiggerMental As Anything
49%
1980No Time For GamesMidnight Oil
49%
1983I Was Only NineteenRedgum
49%
1978Take a Long LineThe Angels
49%
1987Run to ParadiseThe Choirboys
49%
1975Million Dollar RiffSkyhooks
46%
1981Boys in TownThe Divinyls
46%
1985BittersweetHoodoo Gurus
43%
1981Cool WorldMondo Rock
43%
1986Funky TownPseudo Echo
40%
1975Girls On the AvenueRichard Clapton
40%
1994ChainsTina Arena
40%
1980DuncanSlim Dusty
37%
1987Fall of RomeJames Reyne
34%
1980Shaddap You FaceJoe Dolce
34%
1982What About Me?Moving Pictures
34%
1990The Ship SongNick Cave and the Bad Seeds
34%
1975Summer LoveSherbet
34%
1989One SummerDaryl Braithwaite
31%
1979Hit and RunJo Jo Zep and the Falcons
31%
1989Bedroom EyesKate Ceberano
31%
1975Jump in My CarTed Mulry Gang
31%
1986Say GoodbyeHunters and Collectors
29%
1976I Just Don't Know What To Do With MyselfMarcia Hines
29%
1995Blubber BoyRegurgitator
29%
1978Know Your ProductThe Saints
29%
1991BetterThe Screaming Jets
29%
1986Wide Open RoadThe Triffids
29%
1991TreatyYothu Yindi
29%
1986Hungry TownBig Pig
26%
1995PartyChristine Anu
26%
1984Heaven (Must Be There)Eurogliders
26%
1977Home on MondayLittle River Band
26%
1995Israel's SonSilverchair
26%
1981Nick the StripperThe Birthday Party
26%
1983I Hear MotionThe Models
26%
1978Who Listens to the Radio?The Sports
26%
1988If I Could1927
23%
1990Took the Children AwayArchie Roach
23%
1976Hey, St. PeterFlash and the Pan
23%
1992Accidentally Kelly StreetFrente!
23%
1986No LiesNoiseworks
23%
1978Aloha Steve and DannoRadio Birdman
23%
1994Better Get a LawyerThe Cruel Sea
23%
1981Alone With YouThe Sunnyboys
23%
1995(He'll Never Be An) Ol' Man RiverTISM
23%
1985Sounds of Then (This is Australia)GANGgajang
20%
1983Change in MoodKids in the Kitchen
20%
1989Chained To the WheelThe Black Sorrows
20%
1981Quasimodo's DreamThe Reels
20%
1986Don't Tear It Downvs. Spy vs. Spy
20%
1988My Island HomeWarumpi Band
20%
1986Great WallBoom Crash Opera
17%
1985Man OverboardDo Re Mi
17%
1976Looking for an EchoOl' 55
17%
1987Nude SchoolPainters and Dockers
17%
1993Berlin ChairYou Am I
17%
1984Soul Kind of FeelingDynamic Hepnotics
14%
1989Cry In ShameJohnny Diesel and the Injectors
14%
1978Rock' n' Roll OutlawRose Tattoo
14%
1982Lady What's Your NameSwanee
14%
1983Cattle and CaneThe Go-Betweens
14%
1983No TragedyThe Radiators
14%
1979Up There CazalyThe Two Man Band
14%
1991Let's Kiss (Like Angels Do)Wendy Matthews
14%
1991Early WarningBaby Animals
11%
1975Bony MoroneyHush
11%
1983Pressure SwayMachinations
11%
1991Baby BabyRatcat
11%
1991Ain't No SunshineRockmelons feat. Deni Hines
11%
1994RunSpiderbait
11%
1985Injun JoeThe Johnnys
11%
1981They Won't Let My Girlfriend Talk To MeJimmy and the Boys
9%
1993I FellKim Salmon and the Surrealists
9%
1983Montego BayThe Allniters
9%
1991Chase the DragonThe Beasts of Bourbon
9%
1980In Your CarThe Dugites
9%
199510% WeirdThe Meanies
9%
1987WinterlandDied Pretty
6%
1984Big GirlsElectric Pandas
6%
1981Short NoteMatt Finish
6%
1984Dead Eyes OpenedSevered Heads
6%
1995Up to Our Necks in ItSkunkhour
6%
1976Too Hot to TouchSupernaut
6%
1989JohnnyThe Celibate Rifles
6%
1990Lock ItThe Falling Joys
6%
1992She's a DishThe Hard Ons
6%
1984Slave GirlThe Lime Spiders
6%
1992SundialTumbleweed
6%
1983How Do You Get Your Kicks?Uncanny X-Men
6%
1987Away, AwayWeddings, Parties, Anything
6%
1984Walking in the DarkDeckchairs Overboard
3%
1995Kim's DirtDirty Three
3%
1992The Way I Made You FeelEd Keupper
3%
1994Sweetness and LightItch-e and Scratch-e
3%
1995Song From Under the FloorboardsMy Friend the Chocolate Cake
3%
1988Own Little WorldPorcelain Bus
3%
1992ShopSnog
3%
1983Hard TimesStrange Tenants
3%
197977 Sunset StripThe Riptides
3%
1993Scratch My BackThe Sharp
3%
1985Tears Me in TwoThe Stems
3%
1994The SimpsonsVicious Hairy Mary
3%
1985In Your EyesDropbears
0%
1991Hold Me In Your ArmsSouthern Sons
0%

Score Distribution

Percentile by Number Answered

Percent of People with Each Score

Your Score History

You have not taken this quiz